African Geography by Letter- C - Statistics

General Stats
  • This quiz has been taken 1,929 times
    1,222 since last reset
  • The average score is 13 of 18
Answer Stats
Hint Answer % Correct
Most populous city Cairo
96%
Chad
96%
Second-longest river Congo
96%
South Africa's legislative capital Cape Town
93%
Moroccan city or Humphrey Bogart movie Casablanca
92%
Comoros
88%
Countries that begin with C Cameroon
86%
Cape Verde
81%
Central African Republic
80%
African apes that Jane Goodall studied Chimpanzees
73%
Sect of Egyptian Christians Copts
71%
Spanish archipelago in the Atlantic Canary Islands
70%
Last Pharaoh, killed by asp bite Cleopatra
69%
Capital of Guinea Conakry
66%
Empire that challenged Rome Carthage
62%
Cote D'Ivoire
41%
Exclave of Angola Cabinda
23%
The river that feeds Lake Chad Chari River
6%
No matching quizzes found
Score Distribution
Percent of People with Each Score
Percentile by Number Answered
Your Score History
You have not taken this quiz since the last reset